|
|
|
|
| LEADER |
00944cam a2200277 7i4500 |
| 001 |
0000073031 |
| 005 |
20221227090000.0 |
| 020 |
|
|
|a 0324646275 (international student edition)
|
| 090 |
0 |
0 |
|a HG6024.A3
|b C45 2008
|
| 100 |
1 |
|
|a Chance, Don M
|
| 245 |
1 |
3 |
|a An introduction to derivatives and risk management
|c Don M. Chance, Robert Brooks.
|
| 250 |
|
|
|a Seventh edition.
|
| 264 |
|
|
|a Australia:
|b Thomson/South-Western,
|c 2008.
|
| 300 |
|
|
|a xiv, 653 pages:
|b illustrations;
|c 27 cm.
|
| 336 |
|
|
|a text
|2 rdacontent
|
| 337 |
|
|
|a unmediated
|2 rdamedia
|
| 338 |
|
|
|a volume
|2 rdacarrier
|
| 500 |
|
|
|a Gift: Dr. Habrizah Hussin
|
| 504 |
|
|
|a Includes bibliographical references and index
|
| 650 |
0 |
0 |
|a Futures
|
| 650 |
0 |
0 |
|a Derivative securities
|
| 650 |
0 |
0 |
|a Options (Finance)
|
| 650 |
0 |
0 |
|a Risk management
|
| 700 |
1 |
|
|a Brooks, Robert
|
| 997 |
|
|
|a Business & Accountancy, Faculty
|
| 999 |
|
|
|a 0000069997
|b BOK
|c OPEN SHELF
|e 1st Floor, Shah Alam
|